MDQL
is popping MORE tags! Check the
thread
!
Quizzes
Events
Quiz Creation
Community
Videos
Private Events
Remove Ads
Sign In
Join for FREE
Feedback
Dark Mode
Quiz Categories
Sports
Geography
Music
Movies
Television
Just For Fun
Miscellaneous
History
Literature
Language
Science
Gaming
Entertainment
Religion
Holiday
For Kids
Quiz Lab
Recent
Popular Today
Quiz Kudos Today
Editor Picks
Curator Picks
Quizzes by...
Day
Popularity
Type
Ratings
Length
Year
Community
Subscriptions
Recent Discussions
Orange Saloon
Badges
Playlists
Quests
Create
Leaderboards
Showdown
Live 5
Trivia Bingo
Activity
Puzzle Library
Sporcle Events
Private Events
Virtual Trivia
Globe League
Become a Host
Pub Owners
SporcleCon
Opinionation
Our Games
Videos
Blog
Mobile Apps
Partnerships
Remove Ads and Go Orange
Feedback
Music
Pop Music
The Beatles
Song
Album
Lyrics
Bands
Singers
Artist
Clip
Rock
Rap
Classical
Billboard
Country Music
Kpop
Taylor Swift
Music
Pop Music
The Beatles
Song
Album
Lyrics
Bands
Singers
Artist
Clip
Rock
Rap
Classical
Billboard
Country Music
Kpop
Taylor Swift
Random Quiz
Search Sporcle
×
Quiz Lab
Quiz Lab
Music
Bands
Type in answers that appear in a list
Type in answers that appear in a list
Classic
Best Score? Go Orange.
Name the Band by its Lead Guitarist Stats
Can you name the Name the Band by its Lead Guitarist?
By
randomrabbitrota
10m
40 Questions
601 Plays
601 Plays
601 Plays
Comments
Comments
Give Quiz Kudos
Give Quiz Kudos
-
- Ratings
hide this ad
Replay
Link that replays current quiz
Next Quiz
Link to next quiz in quiz playlist
You Got
0%
They Got
Avg Score
62%
Avg Friend Score
Upgrade to see
Score Distribution
Jump to the score distribution portion of the page
Score
0/40
Timer
10:00
0
Plays Today
Guitarist
Band
% Correct
Kurt Cobain
Nirvana
96.8%
Eddie Van Halen
Van Halen
96.3%
George Harrison
The Beatles
95.3%
Jimmy Page
Led Zeppelin
94.7%
Keith Richards
The Rolling Stones
94%
Saul 'Slash' Hudson
Guns 'N Roses
93.8%
Johnny Ramone
The Ramones
93.7%
Pete Townsend
The Who
92.8%
Angus Young
AC
92.7%
Eric Clapton
Cream
91.3%
Jimi Hendrix
The Jimi Hendrix Experience
88.2%
Billie Joe Armstrong
Green Day
87.7%
Brian May
Queen
87.5%
David 'The Edge' Evans
U2
87.4%
Carlos Santana
Santana
86.4%
Kirk Hammett
Metallica
86%
Jack White
The White Stripes
81.9%
Tony Iommi
Black Sabbath
79.5%
David Gilmour
Pink Floyd
79.4%
Tom Morello
Rage Against the Machine
76.2%
Guitarist
Band
% Correct
Noel Gallagher
Oasis
73.9%
Jerry Garcia
Grateful Dead
70.7%
John Frusciante
Red Hot Chili Peppers
68.1%
Duane Allman
Allman Brothers Band
66.9%
Dave Mustaine
Megadeth
64.7%
Ritchie Blackmore
Deep Purple
61.7%
Matt Bellamy
Muse
48.8%
Josh Homme
Queens of The Stone Age
42.9%
John Petrucci
Dream Theater
36.9%
Kim Thayil
Soundgarden
36.4%
Synster Gates
Avenged Sevenfold
35.8%
Joe Santraini
Chickenfoot
29%
Jim Root
Slipknot
23.5%
Harvey Mandel
John Mayalls Bluesbreakers
16.3%
Alvin Lee
Ten Years After
15.8%
Andrew Stockdale
Wolfmother
14.5%
Alan 'Blind Owl' Wilson
Canned Heat
7.5%
Lee Gaze
Lostprophets
3%
Jake Burns
Stiff Little Fingers
2.8%
Mike Bloomfield
Electric Flag
2.7%
Quiz Playlist
Details
Report
Send in Message
Add To Playlist
Classic:
Type in answers that appear in a list
Last Updated: Feb 16, 2017
Quiz Scoreboard
CHALLENGE
Sign Up to Join the Scoreboard
Show All
Scores
Hide
Comments
May contain spoilers
Recently Published
1-10 Letter E Words III
by El_Dandy
Language
2m
Street Fighter Characters
by Artimus82
Gaming
60s
College Basketball Coaching Resumes
by pancakes188
Sports
9m
More to Explore
Quiz From the Vault
Featured Blog Post
Where Did the Easter Bunny Come From?
hide this ad
You Might Also Like...
Tags
Bands Quiz
guitarist
lead
Lead Guitarists
Today's Top Quizzes in Music
Browse Music
hide this ad
Today's Top Quizzes in Bands
Browse Bands
Top Contributed Quizzes in Music
1
Taylor Swift All Songs (2024)
2
Taylor Swift Logic Puzzle
3
Guess the Artist- 70s Songs
4
7-to-1: Billboard Hot 100 #1 Hits of 2010s
5
Sorting Albums and Songs
6
Billboard Blitz: Aretha Franklin
7
KPOP LOGIC QUIZ
8
Guess the Taylor Swift song (Mystery Song)
9
Guess The Taylor Swift Lyrics Song #1
10
Billboard Blitz: ABBA
Explore More
Trending Topics
NBA
Marvel
Anime
Disney
Crossword
Harry Potter
Kpop
NFL
Puzzle
Soccer
Pokémon
WWE
Country
The Office
Song
hide this ad
More By:
randomrabbitrota
Quiz
Plays
Rating
Category
Featured
Created
Name the Band by its Lead Guitarist
601
2.33
Music
Sep 10, 2010
Name the Band by its Drummer
424
3.17
Music
Jul 7, 2010
Name Band by its Bassist
273
2.78
Music
Sep 5, 2010
Name Band By Album Title
130
2.88
Music
Jul 10, 2012
A-Z of Modern bands
114
1.00
Music
Oct 30, 2010
Go to Creator's Profile
Score Distribution
Quiz Creator Spotlight
randomrabbitrota
Follow
Send a Message
Quizzes Created
-
Created Quiz Play Count
-
More By This Creator
Popular Quizzes Today
1
Find the US States - No Outlines Minefield
2
Find the Countries of Europe - No Outlines Minefield
3
The Countries of the World
4
Find the US States
5
Risky Map Clicking: Biggest States A-Z
6
US States
7
Popular People in 1961
8
Movies - When Are They Set?
More Music Quizzes
Pick a 1990s Music Artist by Hit
Published
Trending Quizzes
Risky Map Clicking: Least Populous States A-Z
Billboard Blitz: Aretha Franklin
1-10 Letter G Words
Countries of the World: 200 Million BC
1-10 Letter F Words
Recently Updated
Leaping Animals
pecheneg
Reality TV Shows (A-Z)
bhenderson79
Rickey Henderson's Hall of Fame Teammates
pecheneg
Champions League XIs: Arsenal
pecheneg
Quick Pick: Celebrities in WWE's Hall of Fame
aduchscher
A-Z Keypad Blitz II
pecheneg
Multiple Oscar Actors
pecheneg
Mystery Phrase Blitz: Oscar 'Best Actors'
pecheneg
F. Scott Fitzgerald Novels
LTH
Pick 3 Villains
ddd62291
Trending Topics
NBA
Anime
Kpop
Harry Potter
Crossword
Disney
Marvel
The Office
Puzzle
Pokémon
NFL
Song
WWE
Country
Soccer
Your Account Isn't Verified!
In order to create a playlist on Sporcle, you need to verify the email address you used during registration. Go to your
Sporcle Settings
to finish the process.
Report this User
Report this user for behavior that violates our
Community Guidelines
.
Details:
Send Report
Go to the Sporcle.com Mobile Site →
Comments